| 000 | 00490nam a2200181Ia 4500 | ||
|---|---|---|---|
| 001 | 4474 | ||
| 005 | 20260306145758.0 | ||
| 008 | 260306t2008||||xx |||||||||||||| ||spa|| | ||
| 041 | _aESP | ||
| 082 |
_a323.042 _bI59C |
||
| 100 |
_aInstituto Interamericano de Derechos Humanos _eAUT |
||
| 245 | 0 | _aReproducción asistida, género y derechos humanos en América Latina | |
| 260 | _c2008 | ||
| 300 |
_a86 páginas : _c21 cm. |
||
| 650 | _aGEN | ||
| 654 | _aCHU | ||
| 942 |
_cLIB _dJUS _fJUS _2ddc _n |
||
| 999 |
_c4474 _d4474 |
||